Engineering mechanics (Record no. 2399)
[ view plain ]
| 000 -LEADER | |
|---|---|
| fixed length control field | 00427nam a2200169Ia 4500 |
| 008 - FIXED-LENGTH DATA ELEMENTS--GENERAL INFORMATION | |
| fixed length control field | 230711s9999||||xx |||||||||||||| ||und|| |
| 041 ## - LANGUAGE CODE | |
| Language code of text/sound track or separate title | ENG |
| 082 ## - DEWEY DECIMAL CLASSIFICATION NUMBER | |
| Classification number | 620 |
| Item number | BH-E |
| 100 ## - MAIN ENTRY--PERSONAL NAME | |
| Personal name | Bhavikatti, S.S |
| 245 #0 - TITLE STATEMENT | |
| Title | Engineering mechanics |
| 250 ## - EDITION STATEMENT | |
| Edition statement | 1st Ed. |
| 260 ## - PUBLICATION, DISTRIBUTION, ETC. | |
| Date of publication, distribution, etc. | 2003 |
| Place of publication, distribution, etc. | New Delhi |
| Name of publisher, distributor, etc. | New Age International Publishers |
| 300 ## - PHYSICAL DESCRIPTION | |
| Extent | 537 |
| 650 ## - SUBJECT ADDED ENTRY--TOPICAL TERM | |
| Topical term or geographic name entry element | Mechanical Engineering |
| 700 ## - ADDED ENTRY--PERSONAL NAME | |
| Personal name | Rajashekarappa, K. G |
| 942 ## - ADDED ENTRY ELEMENTS (KOHA) | |
| Koha item type | Book |
| Withdrawn status | Lost status | Damaged status | Not for loan | Collection | Home library | Current library | Date acquired | Total checkouts | Full call number | Barcode | Date due | Date last seen | Date last checked out | Price effective from | Koha item type | Total renewals |
|---|---|---|---|---|---|---|---|---|---|---|---|---|---|---|---|---|
| MRSPTU Central Library | MRSPTU Central Library | 13 | 620 BH-E | 9479 | 05/06/2026 | 04/15/2026 | 04/15/2026 | 08/17/2023 | Book | |||||||
| MRSPTU Central Library | MRSPTU Central Library | 8 | 620 BH-E | 10651 | 03/16/2026 | 02/18/2026 | 08/17/2023 | Book | ||||||||
| MRSPTU Central Library | MRSPTU Central Library | 18 | 620 BH-E | 10652 | 01/08/2026 | 12/22/2025 | 08/17/2023 | Book | ||||||||
| MRSPTU Central Library | MRSPTU Central Library | 8 | 620 BH-E | 10653 | 12/31/2024 | 12/20/2024 | 08/17/2023 | Book | ||||||||
| MRSPTU Central Library | MRSPTU Central Library | 9 | 620 BH-E | 10654 | 10/01/2025 | 08/28/2025 | 08/17/2023 | Book | ||||||||
| MRSPTU Central Library | MRSPTU Central Library | 620 BH-E | 10655 | 08/17/2023 | 08/17/2023 | Book | ||||||||||
| MRSPTU Central Library | MRSPTU Central Library | 27 | 620 BH-E | 13341 | 05/18/2026 | 04/27/2026 | 04/27/2026 | 08/17/2023 | Book | |||||||
| MRSPTU Central Library | MRSPTU Central Library | 13 | 620 BH-E | 13342 | 12/16/2025 | 11/04/2025 | 08/17/2023 | Book | ||||||||
| MRSPTU Central Library | MRSPTU Central Library | 6 | 620 BH-E | 13343 | 12/31/2024 | 12/11/2024 | 08/17/2023 | Book | 1 | |||||||
| MRSPTU Central Library | MRSPTU Central Library | 1 | 620 BH-E | 13344 | 08/01/2025 | 08/05/2024 | 08/17/2023 | Book | ||||||||
| MRSPTU Central Library | MRSPTU Central Library | 620 BH-E | 13345 | 08/17/2023 | 08/17/2023 | Book | ||||||||||
| MRSPTU Central Library | MRSPTU Central Library | 17 | 620 BH-E | 14284 | 05/18/2026 | 04/27/2026 | 04/27/2026 | 08/17/2023 | Book | |||||||
| MRSPTU Central Library | MRSPTU Central Library | 620 BH-E | 14285 | 08/17/2023 | 08/17/2023 | Book | ||||||||||
| MRSPTU Central Library | MRSPTU Central Library | 22 | 620 BH-E | 14286 | 04/27/2026 | 04/06/2026 | 04/06/2026 | 08/17/2023 | Book | |||||||
| MRSPTU Central Library | MRSPTU Central Library | 8 | 620 BH-E | 14287 | 05/12/2026 | 04/21/2026 | 04/21/2026 | 08/17/2023 | Book | |||||||
| MRSPTU Central Library | MRSPTU Central Library | 14 | 620 BH-E | 14288 | 12/16/2025 | 10/17/2025 | 08/17/2023 | Book |
